[Event "Nyeri Quo Vadis op"]
[Site "Nyeri"]
[Date "2025.06.08"]
[Round "8"]
[White "Chiman, Garang Chiman"]
[Black "Kenneth, Koome Kinoti"]
[Result "1-0"]
[WhiteElo "1853"]
[BlackElo "1690"]
[PlyCount "53"]
[EventDate "2025.06.06"]
[EventType "swiss"]
[EventRounds "8"]
[EventCountry "KEN"]
[SourceTitle "CB26_2025"]
[SourceDate "2025.06.25"]
[SourceVersion "1"]
[SourceVersionDate "2025.06.25"]
[SourceQuality "1"]

1. e4 c5 2. Nf3 d6 3. Bc4 e6 4. 0-0 Nc6 5. d4 cxd4 6. Nxd4 Nf6 7. Nc3 Be7 8. Be3 0-0 9. Qe2 Bd7 10. Rad1 a6 11. f4 Nxe4 12. Nxe4 d5 13. f5 dxc4 14. fxe6 Nxd4 15. Rxd4 fxe6 16. Rfd1 Rf7 17. Rxd7 Qa5 18. Qg4 Raf8 19. Qxe6 Kh8 20. Rxe7 Qh5 21. Red7 Rxd7 22. Qxd7 Qe2 23. Qd2 Qg4 24. Nf2 Qh5 25. Qd8 Re8 26. Qxe8+ Qxe8 27. Bb6 1-0

[Event "Nyeri Quo Vadis op"]
[Site "Nyeri"]
[Date "2025.06.07"]
[Round "5"]
[White "Kenneth, Koome Kinoti"]
[Black "Achiek, Kueth Reng"]
[Result "0-1"]
[WhiteElo "1690"]
[BlackElo "1870"]
[PlyCount "52"]
[EventDate "2025.06.06"]
[EventType "swiss"]
[EventRounds "8"]
[EventCountry "KEN"]
[SourceTitle "CB26_2025"]
[SourceDate "2025.06.25"]
[SourceVersion "1"]
[SourceVersionDate "2025.06.25"]
[SourceQuality "1"]

1. d4 e6 2. Nf3 Nf6 3. e3 d5 4. Bd3 c5 5. b3 cxd4 6. exd4 Bd6 7. 0-0 h6 8. Ne5 Nc6 9. Bb2 0-0 10. f4 Qb6 11. c3 Nxe5 12. fxe5 Bxe5 13. Kh1 Bc7 14. Nd2 Qd6 15. g3 e5 16. dxe5 Qxe5 17. Rb1 Bg4 18. Qc2 Qh5 19. Rxf6 gxf6 20. c4 Bxg3 21. Nf1 Bf3+ 22. Kg1 Bh4 23. Ne3 Kh8 24. Kf1 Rg8 25. Be2 Bxe2+ 26. Qxe2 Rg1+ 0-1

[Event "Nyeri Quo Vadis op"]
[Site "Nyeri"]
[Date "2025.06.06"]
[Round "3"]
[White "Ndirangu, Joyce Nyaruai"]
[Black "Kenneth, Koome Kinoti"]
[Result "1-0"]
[WhiteElo "1909"]
[BlackElo "1690"]
[PlyCount "93"]
[EventDate "2025.06.06"]
[EventType "swiss"]
[EventRounds "8"]
[EventCountry "KEN"]
[SourceTitle "CB26_2025"]
[SourceDate "2025.06.25"]
[SourceVersion "1"]
[SourceVersionDate "2025.06.25"]
[SourceQuality "1"]

1. e4 b6 2. d4 Bb7 3. Bd3 Nf6 4. f3 e6 5. Be3 d6 6. Nc3 Be7 7. Nge2 Nbd7 8. Qd2 0-0 9. 0-0 c5 10. Rad1 Rc8 11. Ng3 a6 12. a4 Qc7 13. d5 exd5 14. exd5 Ne5 15. Rfe1 Nxd3 16. Qxd3 Nd7 17. Bf4 Bf6 18. Nce4 Be5 19. Bc1 c4 20. Qd2 c3 21. bxc3 Bxc3 22. Nxc3 Qxc3 23. Qxc3 Rxc3 24. Re7 Nc5 25. Bf4 Bc8 26. Bxd6 Nd7 27. Rde1 Nf6 28. Nh5 Rxc2 29. Nxf6+ gxf6 30. Bc7 Kg7 31. Bxb6 Rd2 32. Ra7 Rxd5 33. Rc1 Re8 34. Rcc7 Re2 35. Rxf7+ Kg6 36. Rg7+ Kf5 37. h4 Rdd2 38. Rae7 Be6 39. Bc7 Rd1+ 40. Kh2 Rdd2 41. Kh3 h5 42. g4+ hxg4+ 43. fxg4+ Ke4 44. Rxe6+ Kf3 45. Rxe2 Rxe2 46. h5 Rg2 47. h6 1-0